Race, colour, and class in southern Africa (Record no. 131765)
[ view plain ]
| 000 -LEADER | |
|---|---|
| fixed length control field | 00845nam a22001937a 4500 |
| 003 - CONTROL NUMBER IDENTIFIER | |
| control field | ARRUPE |
| 005 - DATE AND TIME OF LATEST TRANSACTION | |
| control field | 20240205114649.0 |
| 008 - FIXED-LENGTH DATA ELEMENTS--GENERAL INFORMATION | |
| fixed length control field | 240205b |||||||| |||| 00| 0 eng d |
| 040 ## - CATALOGING SOURCE | |
| Transcribing agency | AJU |
| 050 ## - LIBRARY OF CONGRESS CALL NUMBER | |
| Classification number | DT1058.R33 M36 1997 |
| 300 ## - PHYSICAL DESCRIPTION | |
| Dimensions | 24 cm. |
| 100 ## - MAIN ENTRY--PERSONAL NAME | |
| Personal name | Mandaza, Ibbo. |
| 9 (RLIN) | 23206 |
| 245 ## - TITLE STATEMENT | |
| Title | Race, colour, and class in southern Africa |
| Remainder of title | a study of the coloured question in the context of an analysis of the colonial and white settler racial ideology, and African nationalism in twentieth century Zimbabwe, Zambia, and Malawi |
| Statement of responsibility, etc | Ibbo Mandaza |
| 260 ## - PUBLICATION, DISTRIBUTION, ETC. (IMPRINT) | |
| Place of publication, distribution, etc | Harare : |
| Name of publisher, distributor, etc | SAPES Books, |
| Date of publication, distribution, etc | 1997. |
| 300 ## - PHYSICAL DESCRIPTION | |
| Extent | xli, 838 p. : map ; |
| 650 ## - SUBJECT ADDED ENTRY--TOPICAL TERM | |
| Topical term or geographic name as entry element | Social classes |
| General subdivision | History. |
| Geographic subdivision | Africa, Southern |
| 9 (RLIN) | 52369 |
| 650 ## - SUBJECT ADDED ENTRY--TOPICAL TERM | |
| Topical term or geographic name as entry element | Racially mixed people |
| General subdivision | History. |
| Geographic subdivision | Africa, Southern |
| 9 (RLIN) | 52370 |
| 651 ## - SUBJECT ADDED ENTRY--GEOGRAPHIC NAME | |
| Geographic name | Africa, Southern |
| General subdivision | Race relations |
| -- | History. |
| 9 (RLIN) | 26373 |
| 942 ## - ADDED ENTRY ELEMENTS (KOHA) | |
| Source of classification or shelving scheme | Library of Congress Classification |
| Koha item type | Monograph ( Printed materials) |
| Withdrawn status | Lost status | Source of classification or shelving scheme | Damaged status | Not for loan | Collection code | Home library | Current library | Shelving location | Date acquired | Total Checkouts | Full call number | Barcode | Date last seen | Price effective from | Koha item type |
|---|---|---|---|---|---|---|---|---|---|---|---|---|---|---|---|
| Library of Congress Classification | Main Collection | ARRUPE LIBRARY | ARRUPE LIBRARY | Main Collection | 05/02/2024 | DT1058.R33 M36 1997 | 46700000303 | 05/02/2024 | 05/02/2024 | Monograph ( Printed materials) |